| 000 | 03095cam a22004098i 4500 | ||
|---|---|---|---|
| 001 | 23367235 | ||
| 003 | OSt | ||
| 005 | 20251211143041.0 | ||
| 008 | 231030s2024 nyu bf 001 0 eng | ||
| 010 | _a 2023042420 | ||
| 020 |
_a9781138945678 _q(hbk) |
||
| 020 |
_a9781138945692 _q(pbk) |
||
| 020 |
_z9781315671239 _q(ebk) |
||
| 035 | _a23367235 | ||
| 040 |
_aDLC _beng _erda _cDLC _dDLC |
||
| 042 | _apcc | ||
| 050 | 0 | 0 |
_aTD160 _b.L37 2023 |
| 082 | 0 | 0 |
_a712.2 L37 2023 _223/eng/20240104 |
| 100 | 1 |
_aLarco, Nicolas, _eauthor. |
|
| 245 | 1 | 4 |
_aThe sustainable urban design handbook / _cNico Larco, Kaarin Knudson. |
| 263 | _a2404 | ||
| 264 | 1 |
_aNew York, NY : _bRoutledge, _c2023. |
|
| 300 | _a438 pages 27 cm | ||
| 336 |
_atext _btxt _2rdacontent |
||
| 337 |
_aunmediated _bn _2rdamedia |
||
| 338 |
_avolume _bnc _2rdacarrier |
||
| 504 | _aIncludes bibliographical references and index. | ||
| 520 |
_a"With more than half of the world's population now living in urbanized areas and the threats of climate change and resource depletion becoming tangible, Sustainable Urban Design is quickly becoming a critical field. The Sustainable Urban Design Handbook gathers the best sustainability practices and latest research from the fields of architecture, landscape architecture, planning, development, ecology and environmental engineering and presents them in a graphically rich and easy to access format that is a resource for urban design projects of all scales. The book presents a comprehensive Sustainable Urban Design Framework that organizes the many elements of urban design in relation to four main resource targets: Transportation Based Energy Use, Water, Ecology and Habitat, and Non-Transportation Based Energy Use and Production and four key scales: Regional, Neighborhood/District, Street/Block, and Project/Parcel. The framework allows designers and planners to see the range of elements they should address in any given scale project as well as the related elements that exist at other scales. Each element is broken out in its own section that describes the element and its importance, compares typical practices and recommended approaches, explains the connection to other elements, and ends with a list of 'Rules of Thumb' that can be used to directly guide project work. Easy to use and reference, The Sustainable Urban Design Handbook provides both an in depth introduction to topics across sustainable urban design and serves as an on-going desktop reference for anyone involved in the creation of sustainable urban environments"-- _cProvided by publisher. |
||
| 650 | 0 |
_aMunicipal engineering _vHandbooks, manuals, etc. |
|
| 650 | 0 |
_aCity planning _vHandbooks, manuals, etc. |
|
| 650 | 0 |
_aSustainable urban development _vHandbooks, manuals, etc. |
|
| 700 | 1 |
_aKnudson, Kaarin, _eauthor. |
|
| 776 | 0 | 8 |
_iOnline version: _aLarco, Nicolas. _tSustainable urban design handbook _dNew York, NY : Routledge, 2023 _z9781315671239 _w(DLC) 2023042421 |
| 906 |
_a7 _bcbc _corignew _d1 _eecip _f20 _gy-gencatlg |
||
| 942 |
_2ddc _cBK-EN _n0 |
||
| 999 |
_c8304 _d8304 |
||